000 00982nam a2200241Ii 4500
003 JO-AjNU
008 230605s9999||||xx |||||||||||||| ||und||
017 _a2005/14754
020 _a977-377-206-5
040 _aJO-AjNU
_bara
_erda
_cJO-AjNU
041 _aara
050 1 4 _aHD30.29.D39.2007
100 3 _aبميك، خبراء مركز الخبرات المهنية للادارة؛ المستشار العلمي عبدالرحمن توفيق,
_eauthor
_944131
245 0 0 _aدور نظم المعلومات في حل المشكلات=Information System in Problem Solving
250 _aط2
264 3 1 _aالقاهرة:مركز الخبرات المهنية للادارة بميك،2007
300 _a97ص
336 _atext
_btxt
_2rdacontent
337 _aunmediated
_bn
_2rdamedia
338 _avolume
_bnc
_2rdacarrier
490 0 _aالمناهج التدريبية 75
650 4 _aادارة الاعمال-نظم المعلومات -حل المشكلات
_944132
999 _aA19029
_c22597
_d22597